[Event "Titled Tuesday intern op 04th Feb Late"]
[Site "Chess.com INT"]
[Date "2025.02.04"]
[Round "6"]
[White "Adasme Fredes, Mauricio"]
[Black "Yahi, Mohamed Salem"]
[Result "0-1"]
[WhiteElo "1999"]
[BlackElo "1839"]
[PlyCount "84"]
[EventDate "2025.02.04"]
[EventType "swiss (blitz)"]
[EventRounds "11"]
[EventCountry "USA"]
[SourceTitle "CB07_2025"]
[SourceDate "2025.02.12"]
[SourceVersion "1"]
[SourceVersionDate "2025.02.12"]
[SourceQuality "1"]

1. e4 d6 2. d4 Nf6 3. Nc3 g6 4. f4 Bg7 5. Nf3 Bg4 6. Bd3 0-0 7. e5 Nfd7 8. 0-0 c5 9. exd6 cxd4 10. dxe7 Qxe7 11. Ne4 Nc6 12. h3 Bxf3 13. Qxf3 f5 14. Nf2 Nc5 15. Bc4+ Kh8 16. Bd2 Ne4 17. Rad1 Rfe8 18. Bc1 Qc5 19. Bb3 a5 20. Nd3 Qb6 21. a4 Rad8 22. Kh1 Nb4 23. Ne5 Bxe5 24. fxe5 Rxe5 25. Bf4 Ree8 26. c3 dxc3 27. bxc3 Nd2 28. Bxd2 Nc6 29. Bf7 Ne5 30. Bg5 Nxf3 31. Rxd8 Rxd8 32. Bxd8 Qxd8 33. Rxf3 Qd2 34. c4 Kg7 35. Bd5 Kf6 36. Kh2 g5 37. Rb3 Qf4+ 38. Kh1 g4 39. Rb6+ Kg5 40. Rxb7 g3 41. Rg7+ Kf6 42. Rf7+ Ke5 0-1

[Event "Titled Tuesday intern op 04th Feb Late"]
[Site "Chess.com INT"]
[Date "2025.02.04"]
[Round "9"]
[White "Zampronha, Wladimir Camilo"]
[Black "Adasme Fredes, Mauricio"]
[Result "1-0"]
[WhiteElo "2157"]
[BlackElo "1999"]
[PlyCount "73"]
[EventDate "2025.02.04"]
[EventType "swiss (blitz)"]
[EventRounds "11"]
[EventCountry "USA"]
[SourceTitle "CB07_2025"]
[SourceDate "2025.02.12"]
[SourceVersion "1"]
[SourceVersionDate "2025.02.12"]
[SourceQuality "1"]

1. e4 c6 2. d4 d5 3. e5 Bf5 4. Nc3 c5 5. dxc5 e6 6. Be3 Nd7 7. Bb5 Rc8 8. b4 a6 9. Bxd7+ Qxd7 10. Nf3 b6 11. Nd4 bxc5 12. Nxf5 cxb4 13. Nxd5 exd5 14. Nd4 Bc5 15. 0-0 Ne7 16. Qd3 a5 17. f4 Bxd4 18. Bxd4 Nf5 19. Bb6 Rc3 20. Qa6 0-0 21. Bxa5 Rxc2 22. Bxb4 Rfc8 23. Qd3 d4 24. Rf2 Rc1+ 25. Rxc1 Rxc1+ 26. Rf1 Rxf1+ 27. Kxf1 Ne3+ 28. Kf2 Qd5 29. Ke1 g6 30. Qe2 Qe4 31. Bd2 Qb1+ 32. Kf2 Nd1+ 33. Kg3 d3 34. Qe4 Qc2 35. Qb4 Nb2 36. e6 Nc4 37. Qb8+ 1-0

[Event "American World Cup Q Prelim"]
[Site "Tornelo INT"]
[Date "2021.05.09"]
[Round "9"]
[White "Adasme Fredes, Mauricio"]
[Black "Diaz Perez, Michel Alejandro"]
[Result "0-1"]
[WhiteElo "2026"]
[BlackElo "2459"]
[PlyCount "70"]
[EventDate "2021.05.08"]
[EventType "swiss (rapid)"]
[EventRounds "9"]
[EventCountry "USA"]
[SourceTitle "CBM 202 Extra"]
[Source "ChessBase"]
[SourceDate "2021.07.31"]
[SourceVersion "1"]
[SourceVersionDate "2021.07.31"]
[SourceQuality "1"]

1. e4 e5 2. Nf3 Nc6 3. Bb5 a6 4. Ba4 Nf6 5. 0-0 Be7 6. d4 exd4 7. e5 Ne4 8. Re1 Nc5 9. Bxc6 dxc6 10. Nxd4 0-0 11. Nc3 Re8 12. Be3 Bf8 13. f4 Ne6 14. Nb3 Qxd1 15. Raxd1 b6 16. Ne4 c5 17. Ng3 a5 18. a4 c4 19. Nd4 Nc5 20. Nb5 Bg4 21. Nxc7 Bxd1 22. Rxd1 Red8 23. Rxd8 Rxd8 24. f5 Rd7 25. Ne8 Nxa4 26. f6 g6 27. Ne4 Nxb2 28. Bxb6 a4 29. Ba5 a3 30. Bc3 Rd1+ 31. Kf2 Rd8 32. N8d6 Bxd6 33. exd6 Nd1+ 34. Ke2 Nxc3+ 35. Nxc3 Rxd6 0-1

[Event "American World Cup Q Prelim"]
[Site "Tornelo INT"]
[Date "2021.05.09"]
[Round "8"]
[White "Amigo Quintana, Antu"]
[Black "Adasme Fredes, Mauricio"]
[Result "1/2-1/2"]
[WhiteElo "1788"]
[BlackElo "2026"]
[PlyCount "88"]
[EventDate "2021.05.08"]
[EventType "swiss (rapid)"]
[EventRounds "9"]
[EventCountry "USA"]
[SourceTitle "CBM 202 Extra"]
[Source "ChessBase"]
[SourceDate "2021.07.31"]
[SourceVersion "1"]
[SourceVersionDate "2021.07.31"]
[SourceQuality "1"]

1. d4 d5 2. c4 c6 3. cxd5 cxd5 4. Nc3 Nc6 5. Bf4 a6 6. e3 Nf6 7. Rc1 e6 8. Nf3 Bd6 9. Bg3 0-0 10. Bd3 Re8 11. Bb1 e5 12. dxe5 Nxe5 13. 0-0 Bg4 14. Nxd5 Nxd5 15. Qxd5 Nxf3+ 16. gxf3 Bxg3 17. Qxd8 Raxd8 18. fxg4 Be5 19. Rfd1 Bxb2 20. Rxd8 Rxd8 21. Rc7 g6 22. Be4 b5 23. Ra7 Rd6 24. Bb7 b4 25. Rxa6 Rxa6 26. Bxa6 Kg7 27. Kg2 Kf6 28. f4 Ke7 29. Kf3 f6 30. h4 h6 31. g5 hxg5 32. hxg5 fxg5 33. fxg5 Kf7 34. Bc4+ Ke7 35. e4 Bc1 36. Kg4 Bd2 37. e5 Bc1 38. Bd3 Kf7 39. e6+ Kxe6 40. Bxg6 Bd2 41. Kh5 Ke7 42. Kh6 Kf8 43. Bd3 Bc3 44. Kh7 Bb2 1/2-1/2

[Event "American Continental 15th"]
[Site "Sao Paulo"]
[Date "2019.07.11"]
[Round "9"]
[White "Adasme Fredes, Mauricio"]
[Black "Valim, Luiz Claudio"]
[Result "0-1"]
[WhiteElo "2088"]
[BlackElo "1954"]
[PlyCount "100"]
[EventDate "2019.07.05"]
[EventType "swiss"]
[EventRounds "11"]
[EventCountry "BRA"]
[SourceTitle "CBM 191 Extra"]
[Source "ChessBase"]
[SourceDate "2019.09.30"]
[SourceVersion "1"]
[SourceVersionDate "2019.09.30"]
[SourceQuality "1"]

1. d4 Nf6 2. c4 c5 3. d5 b5 4. cxb5 a6 5. bxa6 g6 6. Nc3 Bxa6 7. e4 d6 8. Be2 Bg7 9. Nf3 0-0 10. 0-0 Nbd7 11. h3 Qa5 12. Re1 Rfb8 13. Bd2 Rxb2 14. e5 Ne8 15. Ne4 Bxe2 16. Rxe2 Qa4 17. Qe1 Nxe5 18. Nxe5 Bxe5 19. Nxc5 Qd4 20. Ne4 Rxd2 21. Rxd2 Qxa1 22. Rd1 Qxa2 23. Qe3 Qxd5 24. Qf3 Qxd1+ 25. Qxd1 Ra1 26. Qxa1 Bxa1 27. Kf1 Nf6 28. Ng5 h6 29. Nf3 Bc3 30. Ke2 Nd5 31. g3 e6 32. Kd3 Kf8 33. Nh2 Ke7 34. Nf3 f5 35. Nh4 Kf6 36. Nf3 g5 37. Ng1 Be5 38. Ne2 f4 39. g4 Bb2 40. Kc2 Ba3 41. Kd3 Bc5 42. f3 Ke5 43. Nc1 Nb4+ 44. Ke2 Nc6 45. Nd3+ Kd4 46. h4 Kc3 47. hxg5 hxg5 48. Ne1 Nd4+ 49. Kf1 Nc2 50. Ng2 Ne3+ 0-1

[Event "American Continental 15th"]
[Site "Sao Paulo"]
[Date "2019.07.10"]
[Round "8"]
[White "Ramos, Angelo Bil"]
[Black "Adasme Fredes, Mauricio"]
[Result "1-0"]
[WhiteElo "1937"]
[BlackElo "2088"]
[PlyCount "29"]
[EventDate "2019.07.05"]
[EventType "swiss"]
[EventRounds "11"]
[EventCountry "BRA"]
[SourceTitle "CBM 191 Extra"]
[Source "ChessBase"]
[SourceDate "2019.09.30"]
[SourceVersion "1"]
[SourceVersionDate "2019.09.30"]
[SourceQuality "1"]

1. e4 c5 2. Nf3 e6 3. c3 Nf6 4. e5 Nd5 5. Bc4 Nb6 6. Bb3 d6 7. d4 cxd4 8. cxd4 Nc6 9. 0-0 Be7 10. Qe2 dxe5 11. dxe5 Nd4 12. Nxd4 Qxd4 13. Rd1 Qh4 14. Be3 Nd7 15. Rd4 1-0

[Event "American Continental 15th"]
[Site "Sao Paulo"]
[Date "2019.07.09"]
[Round "7"]
[White "Adasme Fredes, Mauricio"]
[Black "Zimmermann, Kleber Renato P"]
[Result "1/2-1/2"]
[WhiteElo "2088"]
[BlackElo "1950"]
[PlyCount "76"]
[EventDate "2019.07.05"]
[EventType "swiss"]
[EventRounds "11"]
[EventCountry "BRA"]
[SourceTitle "CBM 191 Extra"]
[Source "ChessBase"]
[SourceDate "2019.09.30"]
[SourceVersion "1"]
[SourceVersionDate "2019.09.30"]
[SourceQuality "1"]

1. d4 Nf6 2. c4 c5 3. d5 b5 4. cxb5 a6 5. bxa6 g6 6. Nc3 Bxa6 7. e4 Bxf1 8. Kxf1 d6 9. Nf3 Nbd7 10. g3 Bg7 11. Kg2 0-0 12. Qe2 Qb6 13. Bd2 Rfb8 14. b3 Qa6 15. Qxa6 Rxa6 16. Rab1 Ne8 17. Na4 Nb6 18. Nxb6 Rbxb6 19. a4 Nc7 20. Rhc1 f5 21. exf5 Nxd5 22. fxg6 hxg6 23. Rc4 Bf6 24. Rg4 Kf7 25. h4 Rb8 26. Ng5+ Kg7 27. Ne4 Kf7 28. Nxf6 exf6 29. a5 f5 30. Rc4 Rb5 31. f3 Raxa5 32. Bxa5 Ne3+ 33. Kh3 Nxc4 34. Bd8 Nd2 35. Rd1 Nxf3 36. Rxd6 Rxb3 37. Rf6+ Kg7 38. h5 gxh5 1/2-1/2

[Event "American Continental 15th"]
[Site "Sao Paulo"]
[Date "2019.07.07"]
[Round "4"]
[White "Adasme Fredes, Mauricio"]
[Black "Martins, Carlos"]
[Result "1/2-1/2"]
[WhiteElo "2088"]
[BlackElo "2238"]
[PlyCount "73"]
[EventDate "2019.07.05"]
[EventType "swiss"]
[EventRounds "11"]
[EventCountry "BRA"]
[SourceTitle "CBM 191 Extra"]
[Source "ChessBase"]
[SourceDate "2019.09.30"]
[SourceVersion "1"]
[SourceVersionDate "2019.09.30"]
[SourceQuality "1"]

1. Nf3 d6 2. e4 c5 3. c3 Nf6 4. Be2 g6 5. 0-0 Bg7 6. d3 Nc6 7. Bf4 0-0 8. Nbd2 e5 9. Bg3 Nh5 10. Nc4 g5 11. Ne3 Be6 12. Re1 Nf4 13. Bf1 Bf6 14. h3 Kg7 15. Nh2 Rh8 16. Nhg4 h5 17. Nxf6 Qxf6 18. Bxf4 gxf4 19. Nd5 Qg5 20. Nc7 Bg4 21. f3 Rac8 22. Nb5 Bxh3 23. Nxd6 Rc7 24. Qd2 Rd7 25. Nc4 Be6 26. Qf2 b6 27. Rad1 Rhd8 28. Qe2 h4 29. a3 h3 30. b4 f6 31. Nb2 Qg3 32. Rd2 c4 33. Qf2 Qg5 34. Red1 cxd3 35. Rxd3 Rxd3 36. Rxd3 Rxd3 37. Nxd3 1/2-1/2

[Event "Montevideo zt 2.5"]
[Site "Montevideo"]
[Date "2019.04.17"]
[Round "7"]
[White "Adasme Fredes, Mauricio"]
[Black "Jodorcovsky Werjivker, Paulo"]
[Result "1-0"]
[WhiteElo "2086"]
[BlackElo "2257"]
[PlyCount "57"]
[EventDate "2019.04.13"]
[EventType "swiss"]
[EventRounds "9"]
[EventCountry "URU"]
[SourceTitle "CBM 189 Extra"]
[Source "ChessBase"]
[SourceDate "2019.05.31"]
[SourceVersion "1"]
[SourceVersionDate "2019.05.31"]
[SourceQuality "1"]

1. d4 d5 2. c4 e6 3. Nc3 c6 4. Nf3 dxc4 5. a4 Bb4 6. g3 b5 7. Bg2 Bb7 8. 0-0 a6 9. Ne5 Qc8 10. Ne4 Nf6 11. Nxf6+ gxf6 12. Ng4 Nd7 13. e4 h5 14. Ne3 h4 15. d5 cxd5 16. exd5 hxg3 17. fxg3 e5 18. Qg4 Qc5 19. axb5 axb5 20. Rxa8+ Bxa8 21. Kh1 Qd4 22. Qg7 Rf8 23. Rd1 Qb6 24. h4 c3 25. bxc3 Bxc3 26. h5 f5 27. Nxf5 b4 28. Bg5 f6 29. Qe7# 1-0

[Event "Antofagasta Zicosur op 4th"]
[Site "Antofagasta"]
[Date "2019.01.07"]
[Round "4"]
[White "Lopez Silva, Hugo Andres"]
[Black "Adasme Fredes, Mauricio"]
[Result "1-0"]
[WhiteElo "2399"]
[BlackElo "2103"]
[PlyCount "69"]
[EventDate "2019.01.04"]
[EventType "swiss"]
[EventRounds "10"]
[EventCountry "CHI"]
[SourceTitle "CBM 190 Extra"]
[Source "ChessBase"]
[SourceDate "2019.07.15"]
[SourceVersion "1"]
[SourceVersionDate "2019.07.15"]
[SourceQuality "1"]

1. e4 c5 2. Nf3 e6 3. d4 cxd4 4. Nxd4 Nc6 5. Nc3 Qc7 6. g3 a6 7. Bg2 Nf6 8. 0-0 Nxd4 9. Qxd4 Bc5 10. Qd3 0-0 11. Bf4 d6 12. Rad1 e5 13. Bg5 Be6 14. Bxf6 gxf6 15. Qf3 Qd8 16. Qh5 Kh8 17. Bh3 Bd4 18. Nd5 Rg8 19. Bf5 Rg7 20. c3 Bc5 21. Qh6 Bxd5 22. Rxd5 Qe7 23. Rfd1 a5 24. Rxc5 dxc5 25. Rd7 Qe8 26. Qxf6 b5 27. h4 Kg8 28. h5 h6 29. Qxh6 Rd8 30. Rc7 Qf8 31. Qf6 Rg6 32. Qxe5 f6 33. Qxc5 Rd1+ 34. Kg2 Qxc5 35. Rxc5 1-0

[Event "Antofagasta"]
[Site "Antofagasta"]
[Date "2012.06.30"]
[Round "2"]
[White "Adasme Fredes, Mauricio"]
[Black "Avalos Parra, Joao"]
[Result "1/2-1/2"]
[WhiteElo "2066"]
[BlackElo "2187"]
[PlyCount "86"]
[EventDate "2012.06.29"]
[EventType "tourn"]
[EventRounds "6"]
[EventCountry "CHI"]
[SourceTitle "EXT 2024"]
[Source "ChessBase"]
[SourceDate "2023.10.10"]
[SourceVersion "1"]
[SourceVersionDate "2023.10.10"]
[SourceQuality "1"]

1. e4 e5 2. Nf3 Nc6 3. d4 exd4 4. Nxd4 Bb4+ 5. c3 Be7 6. Bc4 Bf6 7. 0-0 Nge7 8. f4 d6 9. Be3 0-0 10. Qf3 Bxd4 11. cxd4 d5 12. exd5 Na5 13. Bd3 Nxd5 14. Bf2 Nb4 15. Nd2 Nxd3 16. Qxd3 Qd5 17. Rfc1 Bf5 18. Qg3 Nc6 19. Rc5 Qd7 20. Qc3 Rad8 21. Nf3 Be4 22. Ne5 Nxe5 23. dxe5 Qg4 24. Qg3 Qe2 25. Re1 Rd1 26. Rxc7 Rxe1+ 27. Bxe1 Qxb2 28. Qf2 Qb1 29. h3 Rd8 30. Kh2 h6 31. e6 Rf8 32. e7 Re8 33. Bc3 Bc6 34. f5 f6 35. Bxf6 gxf6 36. Qg3+ Kh8 37. Qg6 Qe4 38. Qxh6+ Kg8 39. Qg6+ Kh8 40. Qxf6+ Kh7 41. Qg6+ Kh8 42. Qh6+ Kg8 43. Qg6+ Kh8 1/2-1/2

[Event "Antofagasta"]
[Site "Antofagasta"]
[Date "2012.06.30"]
[Round "3"]
[White "Lenoir Ibacache, Gabriel Alberto"]
[Black "Adasme Fredes, Mauricio"]
[Result "1/2-1/2"]
[WhiteElo "2246"]
[BlackElo "2066"]
[PlyCount "93"]
[EventDate "2012.06.29"]
[EventType "tourn"]
[EventRounds "6"]
[EventCountry "CHI"]
[SourceTitle "EXT 2024"]
[Source "ChessBase"]
[SourceDate "2023.10.10"]
[SourceVersion "1"]
[SourceVersionDate "2023.10.10"]
[SourceQuality "1"]

1. e4 c5 2. g3 Nc6 3. Bg2 g6 4. c3 d6 5. Ne2 Bg7 6. d4 Qc7 7. h3 e5 8. Be3 b6 9. 0-0 Nge7 10. f4 0-0 11. fxe5 dxe5 12. d5 Rd8 13. Nd2 Na5 14. b4 Nb7 15. Qb3 Nd6 16. bxc5 bxc5 17. Qa3 c4 18. Rab1 Bb7 19. Bc5 Nec8 20. g4 Bf8 21. Kh1 Nb6 22. Qa5 Rdc8 23. Be3 Nd7 24. Qxc7 Rxc7 25. Ng3 Ba6 26. Rb4 Nb7 27. Rb2 Nbc5 28. Rfb1 Nd3 29. Rc2 N7c5 30. Bf1 Na4 31. Nf3 Bd6 32. g5 Rf8 33. Nh2 Bc8 34. Ng4 Bxg4 35. hxg4 f6 36. gxf6 Rxf6 37. Bg2 Rff7 38. g5 Rb7 39. Rxb7 Rxb7 40. Bh3 a5 41. Nf1 Rb1 42. Kh2 Rb2 43. Rxb2 Ndxb2 44. Bd2 Nd1 45. Ne3 Ndxc3 46. Bxc3 Nxc3 47. Bf1 1/2-1/2

[Event "Antofagasta"]
[Site "Antofagasta"]
[Date "2011.11.21"]
[Round "?"]
[White "Adasme Fredes, Mauricio"]
[Black "Avalos Parra, Joao"]
[Result "1-0"]
[WhiteElo "2046"]
[BlackElo "2225"]
[PlyCount "81"]
[EventDate "2011.11.21"]
[EventType "tourn"]
[EventRounds "9"]
[EventCountry "CHI"]
[SourceTitle "EXT 2024"]
[Source "ChessBase"]
[SourceDate "2023.10.10"]
[SourceVersion "1"]
[SourceVersionDate "2023.10.10"]
[SourceQuality "1"]

1. e4 e6 2. d4 d5 3. Nc3 Bb4 4. e5 c5 5. a3 Bxc3+ 6. bxc3 Nc6 7. Qg4 g6 8. Nf3 Bd7 9. Be2 Qa5 10. Bd2 Qa4 11. 0-0 Qxc2 12. Rfe1 c4 13. Bd1 Qf5 14. Qg3 h6 15. Rc1 h5 16. h3 Nge7 17. Bc2 h4 18. Nxh4 Qh5 19. Nf3 Nf5 20. Qf4 0-0-0 21. Ng5 Nh4 22. Bd1 Qh6 23. Nxf7 Qh7 24. Nxh8 Rxh8 25. Bg4 Na5 26. Qf6 Nf5 27. Bxf5 gxf5 28. Bg5 Qg8 29. Re3 Nb3 30. Rd1 Rh7 31. Rg3 Rf7 32. Bf4 Qh7 33. Qg6 Kc7 34. Qxh7 Rxh7 35. f3 Kb6 36. Kf2 Ka5 37. Rh1 Ka4 38. h4 Be8 39. Rg5 Rh5 40. g4 fxg4 41. fxg4 1-0

[Event "Antofagasta"]
[Site "Antofagasta"]
[Date "2011.11.21"]
[Round "?"]
[White "Adasme Fredes, Mauricio"]
[Black "Henriquez Villagra, Cristobal"]
[Result "1/2-1/2"]
[WhiteElo "2046"]
[BlackElo "2246"]
[PlyCount "55"]
[EventDate "2011.11.21"]
[EventType "tourn"]
[EventRounds "9"]
[EventCountry "CHI"]
[SourceTitle "EXT 2024"]
[Source "ChessBase"]
[SourceDate "2023.10.10"]
[SourceVersion "1"]
[SourceVersionDate "2023.10.10"]
[SourceQuality "1"]

1. e4 e5 2. Nf3 Nc6 3. d4 exd4 4. Nxd4 g6 5. Be3 Bg7 6. c3 Nge7 7. Bc4 0-0 8. Nxc6 Nxc6 9. 0-0 d6 10. Nd2 Ne5 11. Be2 g5 12. Nf3 h6 13. Nd4 Re8 14. Qb3 Ng6 15. Bh5 Qf6 16. Nb5 Be6 17. Qc2 Qe7 18. Be2 c5 19. Qd2 Be5 20. g3 Bh3 21. Rfe1 a6 22. Na3 b5 23. Rad1 Qf6 24. f3 Be6 25. Rf1 Qg7 26. Kh1 b4 27. cxb4 Bxa2 28. Nc4 1/2-1/2

[Event "CHI-chT Universities"]
[Site "Punta Arenas"]
[Date "2010.10.22"]
[Round "7"]
[White "Adasme Fredes, Mauricio"]
[Black "Abarza Alarcon, Oscar"]
[Result "1-0"]
[WhiteElo "1987"]
[BlackElo "1882"]
[PlyCount "139"]
[EventDate "2010.10.19"]
[EventType "team-swiss"]
[EventRounds "7"]
[EventCountry "CHI"]
[SourceTitle "EXT 2012"]
[Source "ChessBase"]
[SourceDate "2011.11.24"]
[SourceVersion "1"]
[SourceVersionDate "2011.11.24"]
[SourceQuality "1"]

1. e4 Nf6 2. e5 Nd5 3. c4 Nb6 4. d4 d6 5. f4 dxe5 6. fxe5 Nc6 7. Be3 Bf5 8. Nf3 Bg4 9. Nbd2 e6 10. Be2 Bb4 11. 0-0 Bxd2 12. Qxd2 0-0 13. Rad1 Qe7 14. Bd3 Rad8 15. Qf2 Nb4 16. Bxh7+ Kxh7 17. Ng5+ Kg6 18. Qg3 Nxc4 19. Bc1 f5 20. exf6 gxf6 21. Qxg4 fxg5 22. h4 Rxf1+ 23. Rxf1 Rd5 24. Bxg5 Rxg5 25. hxg5 Nd5 26. Qh4 Qxg5 27. Qe4+ Kg7 28. Qxe6 Qe3+ 29. Qxe3 Ncxe3 30. Rf3 Kg6 31. b3 b5 32. Rf8 Ne7 33. Ra8 Nc6 34. Re8 Nxg2 35. Re6+ Kf5 36. Rxc6 Nf4 37. Rxc7 Ke4 38. Rxa7 b4 39. a3 bxa3 40. Rxa3 Nd5 41. Ra4 Kd3 42. Kf1 Nb6 43. Rb4 Nd5 44. Rc4 Nb6 45. Rc6 Nd5 46. Ke1 Nb4 47. Rc4 Nd5 48. Rc8 Kxd4 49. Kd2 Nb6 50. Rc6 Nd5 51. Kc1 Ne7 52. Rc4+ Kd5 53. Kb2 Kd6 54. Kc3 Nd5+ 55. Kd4 Nb6 56. Rc1 Nd5 57. Rc8 Ne7 58. Rc5 Kd7 59. Kc4 Nc6 60. Kb5 Nd4+ 61. Ka4 Kd6 62. Rc4 Kd5 63. Rxd4+ Kxd4 64. Kb5 Kd5 65. b4 Kd6 66. Kb6 Kd7 67. Kb7 Kd8 68. b5 Kd7 69. b6 Kd8 70. Ka7 1-0

[Event "CHI-chT Universities"]
[Site "Punta Arenas"]
[Date "2010.10.19"]
[Round "1"]
[White "Martinez Sandoval, David"]
[Black "Adasme Fredes, Mauricio"]
[Result "1-0"]
[WhiteElo "2112"]
[BlackElo "1987"]
[PlyCount "55"]
[EventDate "2010.10.19"]
[EventType "team-swiss"]
[EventRounds "7"]
[EventCountry "CHI"]
[SourceTitle "EXT 2012"]
[Source "ChessBase"]
[SourceDate "2011.11.24"]
[SourceVersion "1"]
[SourceVersionDate "2011.11.24"]
[SourceQuality "1"]

1. d4 d5 2. Nf3 Nf6 3. e3 g6 4. Bd3 Bg7 5. Nbd2 0-0 6. 0-0 Nc6 7. c4 e5 8. dxe5 Ng4 9. cxd5 Ncxe5 10. Nxe5 Bxe5 11. Nf3 Qxd5 12. h3 Nf6 13. Bxg6 Qe6 14. Bc2 Bd6 15. Qd4 Kh8 16. b4 Rg8 17. Bb2 Be7 18. Qh4 Rg7 19. Ng5 Qd5 20. f4 Bf5 21. Bb3 Qd2 22. Rf2 Qxe3 23. Nxf7+ Rxf7 24. Bxf7 Kg7 25. Bb3 h6 26. g4 Bd3 27. g5 Kh7 28. Qxh6# 1-0

[Event "CHI-chT Universities"]
[Site "Punta Arenas"]
[Date "2010.10.19"]
[Round "2"]
[White "Tapia Fuentes, Jaime"]
[Black "Adasme Fredes, Mauricio"]
[Result "1-0"]
[WhiteElo "1955"]
[BlackElo "1987"]
[PlyCount "129"]
[EventDate "2010.10.19"]
[EventType "team-swiss"]
[EventRounds "7"]
[EventCountry "CHI"]
[SourceTitle "EXT 2012"]
[Source "ChessBase"]
[SourceDate "2011.11.24"]
[SourceVersion "1"]
[SourceVersionDate "2011.11.24"]
[SourceQuality "1"]

1. e4 c5 2. b3 e6 3. Bb2 d6 4. Bb5+ Nd7 5. f4 Ngf6 6. Qe2 Be7 7. Nf3 0-0 8. 0-0 a6 9. Bxd7 Bxd7 10. d3 d5 11. e5 Ne8 12. Nbd2 b5 13. c4 Nc7 14. Rad1 d4 15. Ne4 Bc6 16. Nfg5 h6 17. Nh3 f5 18. exf6 gxf6 19. Qh5 Kh7 20. f5 Be8 21. Qh4 exf5 22. Ng3 Bg6 23. Bc1 f4 24. Qxf4 Kg8 25. Qxh6 Bh7 26. Nf5 Rf7 27. Qh5 Bxf5 28. Qxf5 Qc8 29. Rde1 Qxf5 30. Rxf5 Re8 31. Nf2 Bf8 32. Rxe8 Nxe8 33. Ne4 Nd6 34. Nxf6+ Kg7 35. Nh5+ Kg6 36. Rg5+ Kh7 37. Ng3 Ne8 38. Rf5 Rxf5 39. Nxf5 Kg6 40. g4 Nf6 41. h3 bxc4 42. bxc4 Nd7 43. Bf4 Nb6 44. Kg2 Na4 45. Kf3 Nb2 46. Ke4 Nd1 47. Bg3 Nc3+ 48. Ke5 Nxa2 49. h4 Nc1 50. Ke4 a5 51. h5+ Kh7 52. Bd6 Bxd6 53. Nxd6 a4 54. Nb5 Ne2 55. Ke5 Nc1 56. Ke4 Na2 57. Kd5 Nb4+ 58. Kxc5 Nxd3+ 59. Kxd4 Nb4 60. g5 Nc2+ 61. Ke5 a3 62. Nc3 Nb4 63. Kf6 a2 64. Nxa2 Nxa2 65. Kf7 1-0

[Event "CHI-chT Universities"]
[Site "Chile"]
[Date "2009.10.27"]
[Round "1"]
[White "Lobos Barrenechea, Miguel"]
[Black "Adasme Fredes, Mauricio"]
[Result "1-0"]
[WhiteElo "2364"]
[BlackElo "1987"]
[PlyCount "67"]
[EventDate "2009.10.27"]
[EventType "team-swiss"]
[EventRounds "7"]
[EventCountry "CHI"]
[SourceTitle "EXT 2012"]
[Source "ChessBase"]
[SourceDate "2011.11.24"]
[SourceVersion "1"]
[SourceVersionDate "2011.11.24"]
[SourceQuality "1"]

1. c4 f5 2. Nc3 Nf6 3. d3 e6 4. e4 d6 5. g3 Be7 6. Bg2 0-0 7. f4 Nc6 8. Nf3 Kh8 9. 0-0 Qe8 10. exf5 exf5 11. Re1 Qh5 12. b3 Bd7 13. Nb5 Bd8 14. Bb2 a6 15. Nc3 Rb8 16. Qd2 Ne7 17. Nd4 c6 18. Bf3 Qf7 19. Kg2 b5 20. Nc2 d5 21. Ba3 Re8 22. Bd6 Rc8 23. Be5 Bb6 24. Re2 b4 25. Na4 Ba5 26. Nc5 Neg8 27. a3 Bb6 28. axb4 Ng4 29. h3 Nxe5 30. fxe5 Be6 31. Nxa6 Ra8 32. Nc5 Ra7 33. Qc1 Ne7 34. Nd4 1-0

[Event "CHI-chT Universities"]
[Site "Valparaiso"]
[Date "2007.11.10"]
[Round "5"]
[White "Adasme Fredes, Mauricio"]
[Black "Pineda Polanco, Adolfo"]
[Result "1/2-1/2"]
[WhiteElo "1987"]
[BlackElo "2300"]
[PlyCount "53"]
[EventDate "2007.11.08"]
[EventType "team"]
[EventRounds "7"]
[EventCountry "CHI"]
[SourceTitle "EXT 2012"]
[Source "ChessBase"]
[SourceDate "2011.11.24"]
[SourceVersion "1"]
[SourceVersionDate "2011.11.24"]
[SourceQuality "1"]
[WhiteTeam "Universidad de Antofagasta"]
[BlackTeam "Universidad Santa Maria"]
[WhiteTeamCountry "CHI"]
[BlackTeamCountry "CHI"]

1. e4 e5 2. Nf3 Nc6 3. d4 exd4 4. Nxd4 Nf6 5. Nc3 Bb4 6. Nxc6 bxc6 7. Bd3 d5 8. exd5 cxd5 9. 0-0 0-0 10. Bg5 c6 11. Qf3 h6 12. Bxf6 Qxf6 13. Qxf6 gxf6 14. Ne2 Rd8 15. Ng3 Bf8 16. Rfe1 c5 17. Nh5 Rd6 18. Re8 Bb7 19. Rae1 c4 20. Bf5 Rxe8 21. Rxe8 d4 22. f3 d3 23. cxd3 cxd3 24. Bxd3 Rxd3 25. Nxf6+ Kg7 26. Nh5+ Kg8 27. Nf6+ 1/2-1/2

[Event "CHI-chT Universities"]
[Site "Valparaiso"]
[Date "2007.11.10"]
[Round "4"]
[White "Figueroa Morales, Tomas"]
[Black "Adasme Fredes, Mauricio"]
[Result "1-0"]
[WhiteElo "2122"]
[BlackElo "1987"]
[PlyCount "56"]
[EventDate "2007.11.08"]
[EventType "team"]
[EventRounds "7"]
[EventCountry "CHI"]
[SourceTitle "EXT 2012"]
[Source "ChessBase"]
[SourceDate "2011.11.24"]
[SourceVersion "1"]
[SourceVersionDate "2011.11.24"]
[SourceQuality "1"]
[WhiteTeam "Universidad de Concepcion"]
[BlackTeam "Universidad de Antofagasta"]
[WhiteTeamCountry "CHI"]
[BlackTeamCountry "CHI"]

1. d4 Nf6 2. c4 c5 3. d5 e6 4. Nc3 exd5 5. cxd5 d6 6. g3 g6 7. Bg2 Bg7 8. Nf3 0-0 9. 0-0 a6 10. a4 Re8 11. Nd2 Nbd7 12. h3 Ne5 13. a5 Qe7 14. Ra3 Nh5 15. Na4 Nd7 16. Re3 Qd8 17. Nc4 Rxe3 18. Bxe3 Ne5 19. Nxe5 Bxe5 20. Nb6 Rb8 21. Qd2 Bh8 22. b4 cxb4 23. Qxb4 Bf6 24. Rc1 Be5 25. Nc4 Bd7 26. Bb6 Qg5 27. Be3 Qd8 28. Qb6 Qe8 1-0

[Event "CHI-chT Universities"]
[Site "Valparaiso"]
[Date "2007.11.08"]
[Round "1"]
[White "Adasme Fredes, Mauricio"]
[Black "Lenoir Ibacache, Gabriel Alberto"]
[Result "1/2-1/2"]
[WhiteElo "1987"]
[BlackElo "2234"]
[PlyCount "74"]
[EventDate "2007.11.08"]
[EventType "team"]
[EventRounds "7"]
[EventCountry "CHI"]
[SourceTitle "EXT 2012"]
[Source "ChessBase"]
[SourceDate "2011.11.24"]
[SourceVersion "1"]
[SourceVersionDate "2011.11.24"]
[SourceQuality "1"]
[WhiteTeam "Universidad de Antofagasta"]
[BlackTeam "Universidad de La Serena"]
[WhiteTeamCountry "CHI"]
[BlackTeamCountry "CHI"]

1. e4 c5 2. c3 d5 3. e5 Nc6 4. d4 Bf5 5. Nf3 e6 6. Be2 Qb6 7. 0-0 Nge7 8. dxc5 Qxc5 9. Be3 Qa5 10. b4 Qc7 11. Qa4 Qd7 12. b5 Nd8 13. Nbd2 f6 14. Nb3 Bc2 15. Rfc1 Bxb3 16. axb3 Nf7 17. exf6 gxf6 18. c4 Bg7 19. c5 0-0 20. c6 bxc6 21. bxc6 Qc7 22. Ba6 Nd8 23. Bc5 Rf7 24. Nd4 Nexc6 25. Ba3 f5 26. Nxc6 Bxa1 27. Ne7+ Rxe7 28. Rxc7 Rxc7 29. g3 Bf6 30. Bd6 Rc6 31. Ba3 Rb8 32. b4 Rbb6 33. Be2 Rc7 34. b5 Nf7 35. Qf4 Be5 36. Qh4 Kg7 37. Kg2 Bf6 1/2-1/2